[Event "Final GP Rapid TOP 16 2019"]
[Site "Khanty-Mansijsk"]
[Date "2019.12.02"]
[Round "8.7"]
[White "Tsydypov, Zhamsaran"]
[Black "Voit, Daria"]
[Result "1-0"]
[WhiteElo "2553"]
[BlackElo "2336"]
[Annotator "TA"]
[PlyCount "159"]
[EventDate "2019.12.01"]
[EventType "tourn"]
[EventCountry "RUS"]
[SourceTitle "playchess.com"]
[Source "ChessBase"]
[SourceQuality "1"]

{[%evp 19,159,14,10,-7,-6,0,0,-14,0,0,29,0,13,0,0,0,0,-15,-25,-16,0,0,0,0,33,22,40,0,0,0,0,0,3,0,0,11,88,0,0,-99,-83,-151,0,0,84,97,91,91,86,87,85,2,17,11,29,18,14,18,15,18,16,16,16,18,16,13,18,15,14,6,15,15,16,12,11,4,16,0,0,0,0,0,0,-55,-52,-38,-43,-45,-4,-46,-35,-90,-8,-11,-8,-31,-47,-44,-8,-8,0,0,0,0,0,-6,-6,-8,-8,-8,0,0,52,101,228,228,228,228,228,108,29961,29957,29957,1391,357,125,125,18,29975,29976,29976,29972,29971,26,26,18,29979,29980,29980,29981,29976,29973]} 1. d4 Nf6 2. c4 e6 3. Nf3 b6 4. g3 Bb7 5. Bg2 Be7 6. Nc3 O-O 7. O-O Ne4 8. Qc2 Nxc3 9. Qxc3 d6 10. Qc2 f5 11. d5 {Strongly threatening Nd4. E19: Queen's Indian: Old Main Line with 7...Ne4 8 Qc2 Nxc3 8 Qxc3} e5 12. e4 Bc8 13. Qe2 {[#] The position is equal.} a5 $146 ({Predecessor:} 13... Na6 14. exf5 Bxf5 15. Nd2 Nc5 16. Ne4 a5 17. Nxc5 bxc5 18. Bd2 a4 {½-½ (55) Brunello,S (2552)-Kramnik,V (2779) Batumi 2018}) 14. exf5 Rxf5 15. Re1 Nd7 16. Bd2 Rf7 17. Bc3 {[%cal Rf3e5]} Rb8 18. Bh3 Nc5 19. Bxc8 Qxc8 20. Bxe5 $1 dxe5 21. Nxe5 Bf6 22. Nxf7 Kxf7 23. d6 cxd6 24. Qh5+ Kg8 25. Qd5+ Kh8 26. Qxd6 Bxb2 27. Rab1 Na4 (27... Bc3 $11 {keeps the balance.} 28. Re7 Qf8 29. Rxb6 Rd8) 28. Re7 (28. Re2 $16) 28... Bf6 $11 29. Rd7 (29. Re3 $11 {remains equal.}) 29... Qe8 $17 30. Kf1 (30. Qd2 $142) 30... Qe5 $2 (30... Nc5 $17 31. Re1 Qg8) 31. c5 {And now Qxe5 would win.} Nxc5 (31... Qxd6 $1 $11 32. cxd6 Nc3) 32. Rxb6 $16 Qxd6 33. Rdxd6 Rf8 34. Rd5 {[%mdl 1024] White has strong compensation.} Ne4 35. f3 ({Better is} 35. Re6 $1 $16 {[%cal Re6e4]} Ng5 36. Re3) 35... Bc3 36. Rf5 {[%cal Rf5f8]} Nf6 37. Rb3 Rc8 38. Rfb5 h6 39. Rb8 Rxb8 40. Rxb8+ Kh7 41. Ke2 Bb4 42. Rb5 Kg6 43. Kd3 Nd7 44. Rd5 Nf6 45. Rd8 Kf5 46. Kc4 Ke6 47. Rd3 Nd7 48. Kb5 Ne5 49. Rb3 Kd5 50. a3 Be1 51. Re3 (51. f4 $11 Ng4 52. h3) 51... Bd2 $15 52. Rb3 Kd4 53. f4 Ng4 54. h3 Nf2 55. h4 (55. Rb2 $15 Kd3 56. Rxd2+ Kxd2 57. h4) 55... h5 (55... Ne4 $17 56. Kc6 Bc3) 56. Kc6 $1 $11 Ne4 57. Rb5 Nxg3 {White must now prevent ...g6.} 58. Rg5 $1 {[%cal Rg5g3]} Bxf4 59. Rxa5 Be3 60. a4 Ke4 61. Rb5 Nf5 62. Rb4+ Nd4+ 63. Kb7 Bd2 64. Rc4 Kd5 65. Rc7 Ne6 (65... g6 $11) 66. Rd7+ $14 Ke5 (66... Ke4 $16 67. Rxd2 Nc5+ 68. Kc6 Nxa4) 67. Rxd2 $18 {[%mdl 4096] Endgame KR-KN} Nc5+ 68. Kc6 Nxa4 {Now ...Nc3 and Black clings on.} 69. Rc2 (69. Rd3 $18 {and White stays clearly on top.}) 69... Kd4 $2 {[%mdl 8192]} (69... Kf5 $16) 70. Rg2 Nc3 71. Rxg7 (71. Kd6 $142 Ke4 72. Rxg7 Kf4 73. Rg2 Nb5+ 74. Kd5 Nc7+ 75. Kc4 Ne6 76. Rg8) 71... Ne4 72. Rh7 $2 (72. Kd7 $1 $18 {and the rest is easy.}) 72... Ng3 $16 73. Kd6 (73. Rb7 $16 {Threatens to win with Kd7.} Nf5 74. Rb4+ Ke5 75. Rc4) 73... Ke4 $2 {[%mdl 8192] [#]} (73... Nf5+ $11 74. Ke6 Nxh4) 74. Ke6 $1 Kf4 75. Rg7 Ne4 {[#]} 76. Rg1 $2 (76. Rg2 $1 {mates} Nc3 77. Rb2 Kg3 78. Rb4 Kh3 79. Kf5 Nd5 80. Rd4 Nc7 81. Rc4) 76... Nd2 $1 $11 77. Kf6 {Kg6 is the strong threat.} Ne4+ $2 {[%mdl 8192]} (77... Nf3 $11 78. Rb1 Nxh4) 78. Kg6 {White mates.} Ke5 79. Kxh5 Kf6 80. Kh6 {Accuracy: White = 41%, Black = 43%.} 1-0

[Event "Final GP Rapid TOP 16 2019"]
[Site "Khanty-Mansijsk"]
[Date "2019.12.02"]
[Round "8.8"]
[White "Murzin, Volodar"]
[Black "Maltsevskaya, Aleksandra"]
[Result "1/2-1/2"]
[WhiteElo "2429"]
[BlackElo "2332"]
[Annotator "TA"]
[PlyCount "95"]
[EventDate "2019.12.01"]
[EventType "tourn"]
[EventCountry "RUS"]
[SourceTitle "playchess.com"]
[Source "ChessBase"]
[SourceQuality "1"]

{[%evp 14,95,0,-4,0,0,42,8,31,16,11,-17,-13,-19,-1,-36,-9,-25,-10,-13,7,7,18,-50,-50,-108,-122,-124,-122,-131,-81,-154,-151,-192,-198,-144,-136,-152,-130,-166,-104,-169,-136,-206,-208,-267,-271,-264,-262,-326,-330,-356,-341,-374,-311,-354,-363,-344,-345,-398,-398,-390,-375,-411,-411,-434,-367,-339,-297,-297,-297,-404,-359,-359,-359,-482,-476,-465,0,-353,0,-429,0,-330]} 1. e4 c5 2. Nf3 Nc6 3. Bb5 g6 4. Bxc6 bxc6 5. O-O Bg7 6. Re1 Nf6 7. c3 O-O 8. h3 a5 {B31: Sicilian: 2...Nc6 3 Bb5 g6} (8... c4 9. e5 Nd5 10. Na3 Nb6 11. b3 cxb3 12. axb3 c5 13. c4 d6 14. Bb2 dxe5 15. Nxe5 Bb7 16. Qe2 {1-0 (46) Granda Zuniga,J (2641)-Vidit,S (2711) Porto Carras 2018}) 9. d3 $146 ({Predecessor:} 9. d4 d5 10. e5 Ne4 11. Be3 cxd4 12. cxd4 f6 13. Nc3 fxe5 14. Nxe5 c5 15. Nxe4 dxe4 16. Rc1 cxd4 17. Bxd4 {½-½ (72) Ghaem Maghami,E (2559)-Gaponenko,I (2381) Doha 2014}) 9... Ba6 10. Na3 Rb8 11. Qc2 d6 12. Be3 Nd7 13. Rad1 Qb6 14. Bc1 Qc7 15. Nb1 c4 16. d4 c5 17. d5 Nb6 18. Nbd2 ({White should try} 18. Na3 $11) 18... Bb5 $15 19. Nf1 {[#]} (19. Re3 $15) 19... Ba4 $1 $36 {[%cal Ra4c2][%mdl 2048] Black has strong initiative.} 20. Qe2 Bxd1 21. Rxd1 Na4 22. Qc2 (22. Ne3 $142) 22... Qd7 23. Ne3 Qb5 {[%cal Ra4b2]} 24. Rd2 Rb7 25. Qd1 Nb6 26. h4 Qd7 (26... Bh6 $19 {And now ...Bxe3 would win.} 27. Ng5 f6) 27. h5 (27. Ng5 $17 {might work better.}) 27... Bh6 $19 {White must now prevent ...Bxe3.} ({Don't take} 27... gxh5 28. Nh4 $15) 28. Qe2 (28. Re2 $17) 28... e5 ({Much less strong is} 28... gxh5 29. Nh4 $17) 29. Rc2 Bxe3 30. Qxe3 Qg4 31. Qe1 f5 ({Don't play} 31... gxh5 32. Nh2 $19) 32. Re2 f4 33. h6 Qh5 34. Nh2 Qxh6 35. f3 Qg5 36. g4 Rfb8 37. Qd1 Qe7 38. Rg2 g5 39. Nf1 Qd7 40. Nd2 Qb5 41. Qf1 Qa4 42. a3 Qb5 43. Rh2 Rg7 44. Rh5 Qa4 45. Rh2 Qb5 46. Rh5 $1 Qa4 47. Rh2 $1 Qb5 48. Rh5 $1 {[%mdl 32768] Accuracy: White = 34%, Black = 60%. . An unexpected result.} 1/2-1/2

[Event "Final GP Rapid TOP 16 2019"]
[Site "Khanty-Mansijsk"]
[Date "2019.12.02"]
[Round "9.1"]
[White "Maltsevskaya, Aleksandra"]
[Black "Ponkratov, Pavel"]
[Result "0-1"]
[WhiteElo "2332"]
[BlackElo "2619"]
[Annotator "TA"]
[PlyCount "48"]
[EventDate "2019.12.01"]
[EventType "tourn"]
[EventCountry "RUS"]
[SourceTitle "playchess.com"]
[Source "ChessBase"]
[SourceQuality "1"]

{[%evp 11,48,-6,0,-130,-31,-66,-76,-175,-56,-171,-154,-192,-120,-236,-223,-227,-216,-337,-352,-433,-424,-647,-697,-703,-691,-686,-690,-681,-675,-662,-641,-626,-622,-861,-838,-855,-841,-29989,-29990]} 1. e4 e5 2. Nf3 Nc6 3. d4 exd4 4. Nxd4 Bc5 5. Nxc6 Qf6 6. Qe2 bxc6 7. g3 {[#] C45: Scotch Game} (7. Qf3 $11) (7. Nc3 Bd4 8. Na4 Qe7 9. c3 Bb6 10. g3 d6 11. Bg2 Bd7 12. O-O Nf6 13. e5 dxe5 14. Re1 e4 15. Bxe4 Nxe4 16. Qxe4 Qxe4 17. Rxe4+ {½-½ (53) Ivanchuk,V (2739)-Jakovenko,D (2736) Moscow 2009}) 7... Ne7 (7... Ba6 $1 $17 {[%cal Ra6e2][%mdl 512]} 8. c4 (8. Qxa6 Qxf2+) 8... Bxc4 $1 {[%mdl 512]}) 8. e5 $146 ({Predecessor:} 8. Bg2 O-O 9. O-O Ng6 10. c3 a5 11. Re1 Ba6 12. Qf3 Qxf3 13. Bxf3 Ne5 14. Be2 Bxe2 15. Rxe2 {0-1 (30) Menu,E-Desruelle,P France 1996}) 8... Qf5 {Hoping for ...Ba6!} 9. g4 {[#]} (9. f4 $17) 9... Qe6 (9... Bxf2+ $1 $19 {[%mdl 512]} 10. Qxf2 (10. Kd1 $2 Qe6 $19) 10... Qe4+ {[%mdl 64] Double Attack} 11. Be3 Nd5) 10. Bg2 (10. Nc3 $15) 10... a5 $19 11. Bd2 h5 $36 {[%mdl 2048] Keeping White busy.} ({Black should play} 11... Ba6 $19 12. Qe4 f6) 12. h3 (12. f4 $17 hxg4 13. Nc3) 12... Ba6 13. Qe4 Rb8 14. b3 {[#]} (14. Bc3 $142) 14... f5 $1 {[%cal Rf5e4]} 15. gxf5 Nxf5 16. Nc3 (16. c4 $142 O-O 17. Rf1) 16... Rb4 17. Qf3 Nd4 18. Qg3 Nxc2+ {[%mdl 64] Double Attack} 19. Kd1 Nxa1 20. Ne4 Be7 21. Bxb4 axb4 22. Kc1 h4 23. Qe3 Qxe5 24. Qa7 Bg5+ {Accuracy: White =  7%, Black = 63%.} 0-1

[Event "Final GP Rapid TOP 16 2019"]
[Site "Khanty-Mansijsk"]
[Date "2019.12.02"]
[Round "9.2"]
[White "Voit, Daria"]
[Black "Murzin, Volodar"]
[Result "0-1"]
[WhiteElo "2336"]
[BlackElo "2429"]
[Annotator "TA"]
[PlyCount "236"]
[EventDate "2019.12.01"]
[EventType "tourn"]
[EventCountry "RUS"]
[SourceTitle "playchess.com"]
[Source "ChessBase"]
[SourceQuality "1"]

{[%evp 9,236,22,27,15,32,27,40,41,48,41,51,13,24,25,14,17,31,32,27,13,15,9,10,10,27,19,21,29,33,0,18,22,44,34,43,38,57,54,107,113,133,127,129,129,212,112,147,145,205,217,206,90,108,0,146,105,168,165,289,305,272,233,233,231,417,419,378,255,252,248,251,250,244,216,247,0,0,-106,-108,-107,-72,-107,-66,-141,-145,-140,-120,-180,-177,-170,-159,-226,-221,-224,-224,-196,-192,-177,-53,-113,-85,-99,-100,-91,-8,-29967,-8,-8,-8,-8,-8,-8,-8,-330,-320,-330,-320,-324,-311,-292,-277,-237,-275,-359,-331,-258,-67,-67,-67,-68,-68,-68,-67,-68,-67,-70,-70,-358,-358,-358,-358,-358,-227,-358,-358,-358,-52,-75,-75,-75,-75,-358,-358,-77,-82,-78,-83,-82,-81,-358,-358,-356,-356,-344,-344,-4990,0,-297,0,-2974,-4792,-4990,-4990,-4983,-4980,-4829,-4692,-5583,-4521,-4611,-3855,-3720,-2451,-3801,-1765,-1355,-965,-1062,-1004,-3712,-3762,-3449,-2127,-1262,-933,-540,-421,-427,-401,-2110,-12363,-29956,-29960,-29962,-29951,-29973,-29973,-29967,-29947,-29981,-4618,-29974,-29976,-29980,-29981,-29982,-29983,-29983,-29984,-29984,-29985,-29985,-29983,-29987,-29988,-29988,-29989,-29994,-29995]} 1. d4 d5 2. c4 c6 3. Nf3 Nf6 4. e3 a6 5. Bd3 Bg4 6. h3 {D11: Slav Defence: 3 Nf3 sidelines and 3...Nf6 4 e3 Bg4} (6. O-O {looks sharper.} e6 7. h3 Bh5 8. a3 Nbd7 9. Nbd2) (6. O-O Nbd7 7. Nbd2 e5 8. cxd5 cxd5 9. dxe5 Nxe5 10. Be2 Nxf3+ 11. Nxf3 Bd6 12. b3 Bxf3 13. Bxf3 Be5 {½-½ (56) Mekhitarian,K (2558)-Andreikin,D (2741) Khanty-Mansiysk 2019}) 6... Bxf3 7. Qxf3 e6 8. O-O {White is slightly better.} Be7 9. b3 O-O 10. Nd2 $146 ({Predecessor:} 10. Bb2 b5 11. Nd2 Nbd7 12. e4 Bb4 13. Rfd1 Qa5 {½-½ (50) Eriksson,J (2211)-Couso,L (2297) Stockholm 2009}) 10... Nbd7 11. Bb2 Qa5 12. Rfd1 Ba3 13. Bxa3 Qxa3 14. e4 dxe4 15. Bxe4 Qd6 16. Qe3 Rad8 17. Nf3 a5 18. Bc2 Qc7 19. Rd2 b5 (19... e5 $5) 20. Rad1 bxc4 21. bxc4 Rb8 22. Ne5 Rfd8 23. f4 Rb6 (23... Rbc8 $14) 24. Ba4 $16 Nb8 25. a3 Qb7 26. Qf3 Rc8 (26... g6 $16 27. c5 Rb1) 27. Kh2 (27. f5 $18) 27... Qc7 28. Kh1 Qb7 (28... Nbd7 $16 29. Rf2 g6) 29. Bc2 $18 Qc7 30. Qc3 (30. g4 $18 {and White stays clearly on top.}) 30... Rb7 31. Qf3 (31. g4 $16) 31... Nbd7 (31... Rb6 $1 $11) 32. Ba4 {[%cal Ra4c6]} Nb8 (32... h6 $16 33. g4 (33. Nxc6 Nb6 $11 {[%mdl 64] Double Attack}) 33... g6) 33. f5 Rb6 (33... Rf8 $142 34. fxe6 (34. Bxc6 Nxc6 35. Nxc6 exf5 $14) (34. Nxc6 exf5 35. d5 Qd6 $16) 34... fxe6) 34. fxe6 fxe6 35. Re1 c5 36. d5 exd5 $2 (36... Rd6 {was called for.} 37. Bc2 Rf8) 37. cxd5 c4 38. Nc6 Nxc6 39. dxc6 Kh8 40. Qc3 Rbb8 41. Qxc4 Rf8 42. Qc5 $2 (42. Rde2 $18) 42... Ne4 $1 $40 {[%cal Re4c5][%mdl 192] Double Attack. Black attacks.} 43. Rd7 (43. Rxe4 $11 {remains equal.} Rf1+ 44. Qg1 Rxg1+ 45. Kxg1 Rb1+ 46. Kf2 Qf7+ 47. Kg3) 43... Nxc5 $17 44. Rxc7 Nxa4 45. Ra7 Rbc8 46. Rxa5 (46. Ree7 $1 $15) 46... Nb6 47. Rc5 h6 48. c7 (48. Rb1 $17 Na8 49. a4) 48... Rf7 49. Rb1 Nd7 50. Rc3 (50. Rc6 $17 {was worth a try.}) 50... Kh7 $1 $19 51. Rb7 Nf6 52. Rc5 Ne4 53. Rc6 h5 (53... Rd7 $19 {Hoping for ...Nd6.} 54. a4 Nd6) 54. h4 ({White should play} 54. a4 $15) 54... Nf6 $17 55. Rc5 Kh6 56. a4 Ng4 (56... Ne8 $17 {[%cal Rf7c7]} 57. a5 Rcxc7 58. Rcxc7 Rxc7) 57. g3 $2 {[%mdl 8192]} (57. Kg1 $11) 57... Nf6 $2 (57... Rf1+ {mates} 58. Kg2 Rf2+ 59. Kg1 Re8 60. Rb1 Re3 61. Rb6+ g6 62. Rxg6+ Kxg6 63. Rg5+ Kh6 64. Rxg4 Rc2 65. Rf4 Rxg3+ 66. Kf1 Ra3 67. Re4 Rxc7 68. Re2 Rxa4 69. Rb2 Rxh4 70. Rb6+ Kg7 71. Rb2 Rg4 72. Kf2 h4 73. Kf3 Rcc4 74. Rb7+ Kh6 75. Ke2 h3 76. Rb1 h2 77. Kd3 Rgd4+ 78. Ke2 Rh4 79. Rb6+ Kg5 80. Rb5+ Kf4 81. Kd3 Ra4 82. Rb8 h1=Q 83. Rf8+ Kg3 84. Rg8+ Kh2 85. Kc3 Ra3+ 86. Kb2 Qa1+ 87. Kc2 Ra2+ 88. Kd3 Qd4#) 58. a5 $11 {White wants to play a6.} Ne8 {[%cal Rf7c7]} 59. a6 {aiming for Rc6+.} Rfxc7 60. Rcxc7 Rxc7 {[%mdl 4096] Endgame KRN-KR} 61. a7 $2 {[%mdl 8192]} (61. Rxc7 $11 Nxc7 62. a7) 61... Rc1+ $19 62. Kg2 Ra1 63. Rb8 Nc7 64. Rb7 Nd5 65. Kf3 {intending Ke4.} Ra4 66. Rd7 Nf6 67. Rb7 g5 $2 ({Black should try} 67... Ng4 $19 {Threatens to win with ...Ne5+.} 68. Ke2 Kg6) 68. hxg5+ $1 $15 Kxg5 {Strongly threatening ...Ra3+.} 69. Rb5+ Kg6 70. Rb7 Kf5 {White must now prevent ...Ra3+.} 71. Rb5+ Ke6 72. Rb6+ Ke5 73. Rb7 $2 {[%mdl 8192]} ({White must play} 73. Rb5+ $1 $15 Nd5 74. Rb7) 73... Ra3+ $19 74. Kg2 Kf5 75. Kh3 Kg5 76. Rb5+ (76. Rg7+ $142 Kf5 77. Rb7) 76... Kg6 77. Rb7 Nd5 $2 (77... Ra2 $19 {...Kh6 is the strong threat.} 78. Rc7 Ne4) 78. Kh4 Ra4+ (78... Ra2 $5 79. g4 $8 Ra4 $11) 79. Kh3 Ne3 80. Rb3 $2 {[%mdl 8192]} (80. Rb6+ $17 Kg5 81. Rb5+ Nf5 82. Rb7) 80... Ng4 $1 ({Stronger than} 80... Rxa7 81. Rxe3 Kf5 82. Rb3 $11) 81. Rb6+ $2 (81. Rb7 $19) 81... Kf5 82. Rb5+ Ne5 83. Rb7 Ra2 84. Rc7 $2 {[%mdl 8192]} (84. Rh7 $17) 84... Ng4 $1 {[%csl Gg4][%cal Ra2h2]} 85. Rc5+ Kg6 $1 {[%csl Gg4][%cal Ra2h2]} 86. Rc6+ Nf6 87. Rc7 $2 (87. Rb6) 87... Ra3 $2 (87... Ne4 $1 $19 {[%cal Re4g5]} 88. g4 Nf2+ {[%mdl 64] Double Attack} 89. Kg3 Nxg4 90. Rc6+ Nf6) 88. Kh4 $2 {[%mdl 8192]} (88. Rb7 $1 $11 {and White has nothing to worry.}) 88... Ra2 $2 (88... Ra4+ 89. Kh3 Ne4) 89. Kh3 $1 Ne4 $1 {[%cal Re4g5]} 90. g4 Nf2+ {[%mdl 64] Double Attack} 91. Kh4 Nxg4 92. Rb7 Nf6 93. Rc7 Ra4+ 94. Kg3 Kf5 95. Rc5+ Ke6 {( -> ...Ne4+)} 96. Rc6+ Ke5 97. Rc7 Kd6 98. Rf7 Ke6 $1 {[%cal Re6f7]} 99. Rb7 Kf5 100. Rb5+ {[#]} Kg6 $1 101. Rb7 Nd5 102. Rb5 Ne7 103. Rb7 Nc8 104. Rd7 (104. Rb8 $142 Nxa7 105. Rd8 Rg4+ 106. Kh3) 104... Rxa7 105. Rd8 Ne7 106. Rd3 Nf5+ 107. Kh3 Kg5 108. Rb3 Ra4 109. Kg2 Rg4+ (109... Kg4 $142 110. Kf2 h4 111. Rb8 h3 112. Rg8+ Kf4 113. Kg1 Nh6 114. Rd8 Kg3 115. Rd3+ Kh4 116. Kf1 Ra1+ 117. Ke2 h2 118. Rd4+ Kg5 119. Rd5+ Nf5 120. Rd1 {[#]} Nd4+ $1 {[%mdl 576] Deflection, Promotion} 121. Rxd4 h1=Q 122. Kd3 Rd1+ 123. Kc3 Qf3+ 124. Kb4 Rxd4+ 125. Kb5 Qc3 126. Kb6 Rb4+ 127. Ka7 Qa3#) 110. Kh2 Re4 {Black mates.} 111. Kg2 Re2+ 112. Kf1 Ra2 113. Kg1 h4 114. Kh1 Kg4 115. Kg1 Rd2 116. Ra3 h3 117. Ra4+ Nd4 118. Kh1 Kg3 {Accuracy: White = 38%, Black = 49%.} 0-1

[Event "Final GP Rapid TOP 16 2019"]
[Site "Khanty-Mansijsk"]
[Date "2019.12.02"]
[Round "9.4"]
[White "Pridorozhni, Aleksei"]
[Black "Shimanov, Aleksandr"]
[Result "1/2-1/2"]
[WhiteElo "2602"]
[BlackElo "2587"]
[Annotator "TA"]
[PlyCount "35"]
[EventDate "2019.12.01"]
[EventType "tourn"]
[EventCountry "RUS"]
[SourceTitle "playchess.com"]
[Source "ChessBase"]
[SourceQuality "1"]

{[%evp 15,35,-7,0,0,0,-8,24,0,0,0,6,6,27,30,31,52,47,56,42,31,41,22]} 1. e4 c6 2. Nc3 d5 3. Nf3 Bg4 4. h3 Bxf3 5. Qxf3 Nf6 6. g3 e6 7. a3 Nbd7 8. d3 Bc5 9. Bg2 {B11: Caro-Kann: Two Knights Variation} O-O 10. O-O b5 11. Qe2 {White has an edge.} (11. Qd1 Qb6 12. Qe2 a5 13. Kh1 d4 14. Nb1 e5 {0-1 (47) Vallejo Pons,F (2693)-Anand,V (2774) Karlsruhe/Baden Baden 2019}) 11... a5 12. Kh2 $146 ({Predecessor:} 12. Nb1 Qb6 13. Nd2 a4 14. Nf3 Rfd8 15. Bg5 h6 16. Bd2 Bf8 {½-½ (30) Kolago,M (2338)-Pribyl,J (2314) Czechia 2012}) 12... b4 13. Na4 Bd4 14. c3 bxc3 15. bxc3 {White is slightly better.} Ba7 16. e5 Ne8 17. f4 Nc7 18. Be3 1/2-1/2

[Event "Final GP Rapid TOP 16 2019"]
[Site "Khanty-Mansijsk"]
[Date "2019.12.02"]
[Round "9.5"]
[White "Shaposhnikov, Evgeny"]
[Black "Potapov, Pavel"]
[Result "1-0"]
[WhiteElo "2568"]
[BlackElo "2489"]
[Annotator "TA"]
[PlyCount "81"]
[EventDate "2019.12.01"]
[EventType "tourn"]
[EventCountry "RUS"]
[SourceTitle "playchess.com"]
[Source "ChessBase"]
[SourceQuality "1"]

{[%evp 18,81,2,24,20,2,17,19,30,5,2,8,4,4,16,8,14,6,65,59,64,22,21,21,21,23,23,29,36,45,49,33,154,126,127,130,218,222,305,328,305,393,393,419,418,398,408,402,437,438,425,411,581,592,512,430,421,420,1864,1927,2948,2805,2111,1577,2033,1941]} 1. e4 c5 2. Nf3 Nc6 3. Bb5 g6 4. O-O Bg7 5. c3 Nf6 6. Re1 O-O 7. h3 e5 8. d4 cxd4 9. cxd4 exd4 10. e5 Nd5 {B31: Sicilian: 2...Nc6 3 Bb5 g6} 11. Bg5 Qb6 12. Na3 (12. Bc4 Qc5 13. Bxd5 Qxd5 14. Nc3 Qa5 15. Ne4 d6 16. Nf6+ Kh8 17. Re4 Nxe5 18. Nxe5 dxe5 19. Rh4 h6 20. Qc1 h5 21. Qd1 Bg4 22. Qxg4 {1-0 (22) Illescas Cordoba,M (2598)-San Segundo Carrillo,P (2536) Ayamonte 2007}) 12... h6 {The position is equal.} 13. Bd2 d6 14. exd6 Qc5 15. Qc1 $146 ({Predecessor:} 15. Bc4 Be6 16. Qb3 Qxd6 17. Rad1 a6 18. Qd3 {0-1 (35) Dvorak,T (2296)-Kulhanek,T (2441) Prague 2010}) 15... Qxc1 $1 16. Raxc1 Bd7 $1 17. Bc4 Be6 (17... Nb6 $1 $11) 18. Nb5 $14 Rad8 19. Nc7 (19. Re4 {seems wilder.} Nf6 20. Rxe6 fxe6 21. Nc7 Ne4 22. Nxe6 Nxd2 23. Nxd8+ Nxc4 24. Nxc6 Nxd6 25. Ncxd4 Re8 26. b3) 19... Rxd6 20. Nxe6 {[%mdl 64] Remove Defender} fxe6 {[#]} 21. Rxe6 $1 {[%mdl 576] Remove Defender} Rxe6 22. Bxd5 Rfe8 23. b4 {[%cal Bb2b4,Bb4b5][%mdl 32]} a6 24. a4 {[%cal Ba2a4,Ba4b5][%mdl 32]} Kf8 {[#]} ({Black should play} 24... Kf7 $14) 25. b5 $1 $16 {[%cal Rb5c6]} ({Much worse is} 25. Bxe6 $6 Rxe6 26. Kf1 Na7 $14) 25... axb5 26. axb5 ({Much weaker is} 26. Bxe6 $6 Rxe6 27. axb5 Na7 $11) 26... Nd8 (26... Na7 $16) 27. Bb4+ $18 R6e7 28. Nh4 {[%cal Rh4g6]} Bf6 29. Nxg6+ {[%mdl 64] Double Attack, Pin} Kg7 {...Rd7 is the strong threat.} 30. Nxe7 Bxe7 31. Re1 Kf8 32. Bd2 {[%cal Rd2h6]} Bg5 33. Rxe8+ Kxe8 {[%mdl 4096] Endgame KBB-KBN} 34. f4 Bf6 (34... Bh4 $142 35. Kf1 Kd7) 35. Kf2 Kd7 36. Bb4 Ne6 37. Kf3 d3 (37... Nc7 $142) 38. Bxe6+ {White is clearly winning.} Kxe6 39. Ke4 Be7 40. f5+ Kf7 41. Bd2 {Accuracy: White = 81%, Black = 43%.} 1-0